| 000 | 00437 a2200145 4500 | ||
|---|---|---|---|
| 020 | _a8186830677 | ||
| 040 |
_aDLC _bDLC |
||
| 082 | _a423 | ||
| 245 |
_aBusiness dictionary _cPentagon |
||
| 260 |
_aNew Delhi : _bPentagon Press, _cc2004. |
||
| 300 |
_a268 p. : _c20 cm. |
||
| 440 | _aPentagon's reference library | ||
| 650 | _a1.Business--Dictionaries.2.Industrial management dictionaries.3.Commerce dictionaries. | ||
| 942 |
_cBK _k423 PEN _2ddc |
||
| 999 |
_c4815 _d4815 |
||